000 00465nam a2200181Ia 4500
001 20299
005 20260306172756.0
008 260306t2015||||xx |||||||||||||| ||spa||
041 _aESP
082 _a343.1
_bS28
100 _aScalia, Antonin
_eAUT
245 0 _aUna cuestión de interpretación:
_blos tribunales federales y el derecho
260 _c2015
300 _a247 páginas :
_c20 cm.
650 _aGEN
654 _aCDE
942 _cLIB
_dJUS
_fJUS
_2ddc
_n
999 _c20299
_d20299